000 01535nam a2200277Ia 4500
999 _c42039
_d42039
001 8729
003 GE_BSU
005 20240529140459.0
008 1811992||||ge |xx |||||||||||||geo|und||
040 _cGE_BSU
041 _ageo
080 _a821.353.1-94 დ–12
245 _aდაბრუნება : მრავალტომეული. ტომი 3, მოგონებები /
_cრევაზ გაბაშვილი, ვალოდია გოგუაძე ; გურამ შარაძის საერთო რედაქციით ; შემდგენელი გურამ შარაძე ; რედ. ლევან სანიკიძე.
264 _aთბილისი :
_bგულანი,
_c1992.
300 _a463 გვ. ;
_c20 სმ.
490 _aქართული ემიგრანტული ლიტერატურა
541 _h8ლ.
653 _aდაბრუნება
700 _aგაბაშვილი, რევაზ
_eავტორი
_922207
700 _aგოგუაძე, ვალოდია
_eავტორი
_922208
700 _aშარაძე, გურამ
_eრედაქტორი
_91431
700 _aშარაძე, გურამ
_eშემდგენელი
_91431
700 _aსანიკიძე, ლევან
_eრედაქტორი
_922209
856 _uhttps://dspace.nplg.gov.ge/handle/1234/303870
_yელ ვერსია
942 _cBK
_2udc